| 000 | 01169 a2200277 4500 | ||
|---|---|---|---|
| 003 | Nust | ||
| 005 | 20170207154049.0 | ||
| 010 | _a 2006024209 | ||
| 020 | _a0-8248-3052-0 (hardcover : alk. paper) | ||
| 020 | _a978-0-8248-3052-6 (hardcover : alk. paper) | ||
| 035 | _a(DLC) 2006024209 | ||
| 040 | _cNust | ||
| 082 | 0 | 0 | _a297.0959 |
| 100 | 1 | _aFederspiel, Howard M. | |
| 245 | 1 | 0 |
_aSultans, shamans, and saints :Islam and Muslims in Southeast Asia(E-BOOK) _cHoward M. Federspiel |
| 246 | 1 | 8 | _aSultans, shamans & saints |
| 260 |
_aHonolulu : _bUniversity of Hawai'i Press, _cc2007 |
||
| 300 |
_axi, 297 p. : _bmaps ; _c24 cm. |
||
| 505 | 0 | _aIntroduction -- Muslim wayfarers (600 a.d. to 1300) -- Emergence of a hybrid Muslim culture (1300 to 1800) -- The emergence of new Muslim institutions (1800 to 1945) -- Nation-states and civil values (1945 -2000) -- Analysis -- Postscript | |
| 650 | 7 |
_aIslam _xhistoria _zSydasien |
|
| 650 | 7 |
_aIslam _zSouth Asia _xHistory |
|
| 650 | 7 |
_aMuslimer _xhistoria _zSydasien |
|
| 650 | 7 |
_aMuslims _zSouth Asia _xHistory |
|
| 651 | _aE-BOOK | ||
| 856 | 4 | 1 |
_3Table of contents only _uhttp://www.loc.gov/catdir/toc/ecip0618/2006024209.html |
| 942 |
_2ddc _cBK |
||
| 999 |
_c193043 _d193043 |
||